000 00325nam a2200133Ia 4500
008 220523s9999 xx 000 0 und d
041 _aeng
100 _aGUPTA
_9128715
245 _aViva in PSM
250 _a3
260 _aNAGPUR
_bJAYPEE PUBLICATION
650 _aCOMMUNITY HEALTH NURSING
_945573
700 _aMAHAJAN
_9176486
999 _c1607
_d1607